000 00542nam a2200193Ia 4500
003 GCL
008 140319s9999 xx 000 0 eng d
040 _aGCL /
_cGCL
082 0 4 _a621.382
_bH C
100 1 _aHAYKIN, SIMAN
245 1 0 _aCOMMUNICATION SYSTEM /
_cHAYKIN, SIMAN
260 _a[S.N] :
_bJOHN WILEY AND SONS. INC ،
_c1994
300 _a872\P
650 0 4 _aالتحليل الرياضى
650 0 4 _aTELECOMMUNICATION
650 0 4 _aELECTRIC ENGINEERING
650 0 4 _aSIGNAL THEORY ( TELECOMMUNICATION )
942 _2ddc
_cBK
999 _c19923
_d19923